Opäť k zamestnávaniu dôchodcov

Bibliographic Details
Main Author: Vörösová, Timea (Author)
Format: Article
Language:Slovak
ISSN:1335-4795
Subjects:

MARC

LEADER 00000nab a2200000 a 4500
001 vtls000798602
003 SK-MaSNL
005 20260302155509.0
008 180205c2002 xo 0 slo
015 |a SNBRB2002/06-20988 
035 |a CLN000150257 
040 |a SNKBUCL  |b slo  |c SNKBUCL  |e AACR2 
041 0 |a slo 
044 |a xo  |c SK 
080 |a 331.113-057.75  |2 UDC-MRF-SK2 
080 |a 349.2  |2 UDC-MRF-SK2 
100 1 |a Vörösová, Timea  |4 aut  |9 839180 
245 1 0 |a Opäť k zamestnávaniu dôchodcov  |c Timea Vörösová 
650 0 7 |a dôchodcovia  |2 SNKPH  |9 28688 
650 0 7 |a zamestnávanie  |2 SNK  |9 838602 
655 7 |a články z novín a časopisov  |2 SNK  |9 267496 
773 0 |x 1335-4795  |t Národné poistenie  |g Roč. 34, č. 6 (2002), s. 2-3 
850 |a Slovenská národná knižnica v Martine 
852 |a SNK  |b KIS3GCP 
958 |a RBX 
999 |c 1371655  |d 1373585